Online
Catalog

Las confesiones / (Record no. 33584)

MARC details
000 -CABECERA
campo de control de longitud fija 00773cam a2200229 a 4500
001 - NÚMERO DE CONTROL
campo de control 000034093
005 - FECHA Y HORA DE LA ÚLTIMA TRANSACCIÓN
campo de control 20200930070752.0
008 - DATOS DE LONGITUD FIJA--INFORMACIÓN GENERAL
campo de control de longitud fija 910708s1999 fr b 000 0aspa d
040 ## - FUENTE DE LA CATALOGACIÓN
Centro catalogador/agencia de origen DO-SdBNP
Lengua de catalogación spa
Centro/agencia transcriptor BNPHU
Centro/agencia modificador BNPD
041 17 - CÓDIGO DE LENGUA
Código de lengua del texto/banda sonora o título independiente spa
Código de lengua original fre
082 ## - NÚMERO DE LA CLASIFICACIÓN DECIMAL DEWEY
Número de clasificación 927.44
-- R864c
049 ## - FONDOS LOCALES (OCLC)
Fondos de biblioteca BNGR
100 1# - ENTRADA PRINCIPAL--NOMBRE DE PERSONA
Nombre de persona Rousseau, J. J.,
Forma completa/desarrollada del nombre (Jean-Jacques)
Fechas asociadas al nombre 1712-1778.
9 (RLIN) 13758
240 10 - TÍTULO UNIFORME
Título uniforme Confessions.
Lenguaje de la obra Español
245 10 - MENCIÓN DE TÍTULO
Título Las confesiones /
Mención de responsabilidad, etc. J. J. Rousseau ; estudios preliminar de Jorge Zalamea.
260 ## - PUBLICACIÓN, DISTRIBUCIÓN, ETC.
Lugar de publicación, distribución, etc. España :
Nombre del editor, distribuidor, etc. Conacuta Oseano,
Fecha de publicación, distribución, etc. 1999.
300 ## - DESCRIPCIÓN FÍSICA
Extensión 601 p. ;
Dimensiones 21 cm.
500 ## - NOTA GENERAL
Nota general Incluye notas al pie de las páginas
600 10 - PUNTO DE ACCESO ADICIONAL DE MATERIA--NOMBRE DE PERSONA
Nombre de persona ROUSSEAU, JEAN-JACQUES,
Fechas asociadas al nombre 1712-1778.
9 (RLIN) 5447
650 #4 - PUNTO DE ACCESO ADICIONAL DE MATERIA--TÉRMINO DE MATERIA
Término de materia o nombre geográfico como elemento de entrada Autores
Subdivisión geográfica Francia
Subdivisión cronológica SIGLO XVIII
Subdivisión de forma BIOGRAFÍA
9 (RLIN) 13759
700 1# - PUNTO DE ACCESO ADICIONAL--NOMBRE DE PERSONA
Nombre de persona Salamea, Jorge
9 (RLIN) 59526
Holdings
Estado de retiro Estado de pérdida Restricciones de uso No para préstamo Código de colección Localización permanente Ubicación/localización actual Ubicación en estantería Fecha de adquisición Número de inventario Total de préstamos Signatura topográfica completa Código de barras Fecha visto por última vez Precio válido a partir de Tipo de ítem Koha
      Excluido de préstamo Monografías: Libros y Folletos General General En catalogación 23.09.2011 LF1   927.44 R864c 34093-10 25.06.2020 25.06.2020 No se presta

Powered by Koha